[Event "Ch_SFO"]
[Site "?"]
[Date "2018.03.15"]
[Round "1.19"]
[White "Sharikov, Vladimir"]
[Black "Boiarintsev, Vitaly"]
[Result "0-1"]
[BlackElo "2342"]
[WhiteElo "1928"]
[LiveChessVersion "1.4.8"]

1. d4 {[%clk 1:30:49]} g6 {[%clk 1:30:51]} 2. Nf3 {[%clk 1:30:51]} Bg7
{[%clk 1:31:15]} 3. g3 {[%clk 1:26:19]} c5 {[%clk 1:31:30]} 4. c3
{[%clk 1:25:27]} Qc7 {[%clk 1:31:51]} 5. Bg2 {[%clk 1:25:12]} Nf6
{[%clk 1:32:14]} 6. O-O {[%clk 1:24:00]} O-O {[%clk 1:32:36]} 7. Bf4
{[%clk 1:21:31]} d6 {[%clk 1:32:59]} 8. Re1 {[%clk 1:20:41]} Nbd7
{[%clk 1:32:37]} 9. e4 {[%clk 1:10:43]} e5 {[%clk 1:32:56]} 10. dxe5
{[%clk 1:10:08]} dxe5 {[%clk 1:33:08]} 11. Bg5 {[%clk 1:05:20]} h6
{[%clk 1:33:07]} 12. Bd2 {[%clk 1:03:56]} c4 {[%clk 1:32:12]} 13. Qc1
{[%clk 1:03:51]} Nc5 {[%clk 1:32:31]} 14. Bf1 {[%clk 0:56:53]} Bg4
{[%clk 1:32:28]} 15. Kg2 {[%clk 0:56:16]} Nfxe4 {[%clk 1:32:14]} 16. Bxc4
{[%clk 0:54:08]} Qc6 {[%clk 1:31:41]} 17. Be2 {[%clk 0:49:56]} Rfd8
{[%clk 1:22:12]} 18. Qc2 {[%clk 0:39:12]} Bf5 {[%clk 1:17:06]} 19. Qc1
{[%clk 0:37:50]} Nd3 {[%clk 1:13:55]} 20. Bxd3 {[%clk 0:37:57]} Rxd3
{[%clk 1:14:21]} 21. Re3 {[%clk 0:35:05]} Rad8 {[%clk 1:14:21]} 22. Kg1
{[%clk 0:34:18]} Rxe3 {[%clk 1:13:34]} 23. Bxe3 {[%clk 0:33:27]} Nxg3
{[%clk 1:13:51]} 24. hxg3 {[%clk 0:32:21]} Qxf3 {[%clk 1:14:07]} 25. Nd2
{[%clk 0:31:55]} Rxd2 {[%clk 1:14:14]} 26. Qxd2 {[%clk 0:30:48]} Bh3
{[%clk 1:14:16]} 27. Qd8+ {[%clk 0:31:02]} Kh7 {[%clk 1:14:33]} 28. Qd5
{[%clk 0:31:16]} Qxd5 {[%clk 1:14:54]} 0-1

[Event "Ch_SFO"]
[Site "?"]
[Date "2018.03.15"]
[Round "1.20"]
[White "Kalabukhov, Bogdan"]
[Black "Trukhin, Dmitry"]
[Result "1-0"]
[BlackElo "1922"]
[WhiteElo "2326"]
[LiveChessVersion "1.4.8"]

1. d4 {[%clk 1:30:56]} Nf6 {[%clk 1:30:48]} 2. c4 {[%clk 1:31:22]} g6
{[%clk 1:31:08]} 3. f3 {[%clk 1:31:47]} Bg7 {[%clk 1:31:28]} 4. e4
{[%clk 1:32:12]} d6 {[%clk 1:31:47]} 5. Nc3 {[%clk 1:32:33]} O-O {[%clk 1:32:01]}
6. Be3 {[%clk 1:32:58]} Nc6 {[%clk 1:32:15]} 7. Nge2 {[%clk 1:33:08]} e5
{[%clk 1:32:23]} 8. d5 {[%clk 1:33:30]} Ne7 {[%clk 1:32:25]} 9. Qd2
{[%clk 1:32:01]} Ne8 {[%clk 1:31:28]} 10. g4 {[%clk 1:30:13]} f5 {[%clk 1:28:56]}
11. g5 {[%clk 1:30:09]} fxe4 {[%clk 1:28:59]} 12. fxe4 {[%clk 1:30:29]} Bg4
{[%clk 1:28:51]} 13. O-O-O {[%clk 1:25:26]} Qd7 {[%clk 1:27:13]} 14. h4
{[%clk 1:24:22]} a6 {[%clk 1:26:55]} 15. Re1 {[%clk 1:14:05]} Bf3
{[%clk 1:24:10]} 16. Bh3 {[%clk 1:13:02]} Bg4 {[%clk 1:23:06]} 17. Bxg4
{[%clk 1:11:59]} Qxg4 {[%clk 1:23:33]} 18. Reg1 {[%clk 1:08:53]} Qd7
{[%clk 1:21:55]} 19. Ng3 {[%clk 1:07:42]} b5 {[%clk 1:22:05]} 20. h5
{[%clk 1:07:26]} gxh5 {[%clk 1:08:52]} 21. Qh2 {[%clk 0:58:03]} Ng6
{[%clk 1:01:35]} 22. Qxh5 {[%clk 0:57:37]} Bh8 {[%clk 1:01:56]} 23. Nf5
{[%clk 0:57:29]} b4 {[%clk 0:59:54]} 24. Ne2 {[%clk 0:55:02]} Rc8
{[%clk 0:55:31]} 25. Qh3 {[%clk 0:50:20]} Rd8 {[%clk 0:51:55]} 26. Neg3
{[%clk 0:49:03]} Rxf5 {[%clk 0:48:32]} 27. exf5 {[%clk 0:46:25]} Nf4
{[%clk 0:46:26]} 28. Bxf4 {[%clk 0:45:40]} exf4 {[%clk 0:46:33]} 29. Ne4
{[%clk 0:46:05]} Qg7 {[%clk 0:45:59]} 30. Nf6+ {[%clk 0:43:56]} Kf8
{[%clk 0:44:23]} 31. Nxh7+ {[%clk 0:44:19]} Kg8 {[%clk 0:44:43]} 32. Nf6+
{[%clk 0:44:44]} Kf7 {[%clk 0:44:33]} 33. Qh5+ {[%clk 0:44:54]} 1-0

[Event "Ch_SFO"]
[Site "?"]
[Date "2018.03.16"]
[Round "2.1"]
[White "Maletina, Tatiana"]
[Black "Orshonova, Elena"]
[Result "1-0"]
[BlackElo "2024"]
[WhiteElo "2214"]
[LiveChessVersion "1.4.8"]

1. d4 {[%clk 1:30:57]} d6 {[%clk 1:30:44]} 2. e4 {[%clk 1:30:44]} Nf6
{[%clk 1:30:38]} 3. Nc3 {[%clk 1:30:52]} Nbd7 {[%clk 1:31:01]} 4. g3
{[%clk 1:30:04]} e5 {[%clk 1:31:15]} 5. Nge2 {[%clk 1:30:29]} Be7
{[%clk 1:30:28]} 6. Bg2 {[%clk 1:30:55]} O-O {[%clk 1:30:46]} 7. O-O
{[%clk 1:31:18]} c6 {[%clk 1:30:36]} 8. a4 {[%clk 1:31:41]} Re8 {[%clk 1:29:44]}
9. h3 {[%clk 1:32:05]} Bf8 {[%clk 1:29:29]} 10. g4 {[%clk 1:28:53]} a5
{[%clk 1:22:59]} 11. f4 {[%clk 1:21:53]} exd4 {[%clk 1:22:51]} 12. Nxd4
{[%clk 1:22:06]} Nc5 {[%clk 1:22:35]} 13. Re1 {[%clk 1:21:30]} Qb6
{[%clk 1:18:05]} 14. Kh1 {[%clk 1:20:47]} d5 {[%clk 1:11:56]} 15. exd5
{[%clk 1:08:34]} Nxg4 {[%clk 0:26:48]} 16. hxg4 {[%clk 1:02:49]} Bxg4
{[%clk 0:26:59]} 17. Rxe8 {[%clk 0:51:34]} Bxd1 {[%clk 0:26:00]} 18. Rxa8
{[%clk 0:52:00]} Bg4 {[%clk 0:26:09]} 19. dxc6 {[%clk 0:50:02]} bxc6
{[%clk 0:25:38]} 20. Nxc6 {[%clk 0:50:02]} g5 {[%clk 0:22:30]} 21. Nd5
{[%clk 0:49:44]} Qb7 {[%clk 0:21:47]} 22. Ra7 {[%clk 0:49:21]} 1-0

[Event "Ch_SFO"]
[Site "?"]
[Date "2018.03.16"]
[Round "2.2"]
[White "Samdanova, Surena"]
[Black "Anufrienko, Daria"]
[Result "1-0"]
[BlackElo "2161"]
[WhiteElo "1953"]
[LiveChessVersion "1.4.8"]

1. e4 {[%clk 1:30:56]} e6 {[%clk 1:30:58]} 2. d4 {[%clk 1:31:12]} d5
{[%clk 1:31:25]} 3. e5 {[%clk 1:31:21]} c5 {[%clk 1:31:52]} 4. c3
{[%clk 1:31:47]} Qb6 {[%clk 1:32:18]} 5. Nf3 {[%clk 1:32:06]} Nc6
{[%clk 1:32:43]} 6. Na3 {[%clk 1:32:07]} cxd4 {[%clk 1:33:06]} 7. cxd4
{[%clk 1:32:31]} Bb4+ {[%clk 1:33:32]} 8. Bd2 {[%clk 1:32:51]} Bd7
{[%clk 1:33:58]} 9. Nc2 {[%clk 1:30:27]} Bxd2+ {[%clk 1:34:16]} 10. Qxd2
{[%clk 1:30:51]} Qxb2 {[%clk 1:34:35]} 11. Bd3 {[%clk 1:28:30]} Nge7
{[%clk 1:34:56]} 12. O-O {[%clk 1:28:04]} Qb6 {[%clk 1:35:23]} 13. Qg5
{[%clk 1:24:34]} Ng6 {[%clk 1:35:20]} 14. Rab1 {[%clk 1:23:38]} Qc7
{[%clk 1:35:24]} 15. Ne3 {[%clk 1:23:17]} Nce7 {[%clk 1:09:29]} 16. h4
{[%clk 1:12:05]} h5 {[%clk 1:06:34]} 17. Rfc1 {[%clk 1:09:40]} Bc6
{[%clk 1:06:58]} 18. Ne1 {[%clk 1:09:38]} O-O-O {[%clk 0:59:02]} 19. Be2
{[%clk 1:03:22]} f6 {[%clk 0:52:48]} 20. exf6 {[%clk 1:00:34]} gxf6
{[%clk 0:50:26]} 21. Qxf6 {[%clk 1:00:19]} Nf4 {[%clk 0:50:51]} 22. Bb5
{[%clk 0:51:54]} Rdf8 {[%clk 0:49:23]} 23. Qe5 {[%clk 0:50:43]} Rhg8
{[%clk 0:38:44]} 24. Qxc7+ {[%clk 0:32:27]} Kxc7 {[%clk 0:39:08]} 25. Rb2
{[%clk 0:29:35]} Kd6 {[%clk 0:29:02]} 26. Kf1 {[%clk 0:26:06]} b6
{[%clk 0:26:56]} 27. Ba6 {[%clk 0:25:06]} Nfg6 {[%clk 0:16:12]} 28. g3
{[%clk 0:23:42]} e5 {[%clk 0:16:37]} 29. dxe5+ {[%clk 0:19:59]} Nxe5
{[%clk 0:17:02]} 30. Ke2 {[%clk 0:19:45]} Nf5 {[%clk 0:14:39]} 31. N1c2
{[%clk 0:16:05]} Ng4 {[%clk 0:13:26]} 32. Nxg4 {[%clk 0:14:40]} Rxg4
{[%clk 0:13:43]} 33. Bd3 {[%clk 0:14:06]} d4 {[%clk 0:11:57]} 34. Rb4
{[%clk 0:12:19]} Bf3+ {[%clk 0:07:05]} 35. Kd2 {[%clk 0:12:45]} Kd5
{[%clk 0:07:27]} 36. Rb5+ {[%clk 0:12:05]} Ke6 {[%clk 0:06:24]} 37. Re1+
{[%clk 0:12:27]} Ne3 38. fxe3 {[%clk 0:12:27]} Rxg3 {[%clk 0:06:25]} 39. Nxd4+
{[%clk 0:12:05]} Kd6 {[%clk 0:06:50]} 40. Nf5+ {[%clk 0:11:22]} 1-0

[Event "Ch_SFO"]
[Site "?"]
[Date "2018.03.16"]
[Round "2.3"]
[White "Petrukhina, Olga"]
[Black "Matiukova, Uliana"]
[Result "1-0"]
[BlackElo "1986"]
[WhiteElo "2133"]
[LiveChessVersion "1.4.8"]

1. Nf3 {[%clk 1:30:58]} d5 {[%clk 1:26:47]} 2. c4 {[%clk 1:31:22]} c6
{[%clk 1:25:47]} 3. g3 {[%clk 1:31:48]} Nf6 {[%clk 1:26:05]} 4. Bg2
{[%clk 1:32:16]} g6 {[%clk 1:18:56]} 5. O-O {[%clk 1:32:41]} Bg7 {[%clk 1:18:33]}
6. d4 {[%clk 1:33:10]} O-O {[%clk 1:17:06]} 7. Qb3 {[%clk 1:33:19]} Na6
{[%clk 1:08:46]} 8. Nc3 {[%clk 1:32:59]} dxc4 {[%clk 1:05:18]} 9. Qxc4
{[%clk 1:31:48]} Be6 {[%clk 1:05:40]} 10. Qa4 {[%clk 1:30:01]} Nd5
{[%clk 1:02:15]} 11. Ng5 {[%clk 1:18:17]} Nb6 {[%clk 0:55:39]} 12. Nxe6
{[%clk 1:13:54]} fxe6 {[%clk 0:55:27]} 13. Qb3 {[%clk 1:12:53]} Bxd4
{[%clk 0:54:07]} 14. Qxe6+ {[%clk 1:10:18]} Kg7 {[%clk 0:42:17]} 15. Bf4
{[%clk 0:54:00]} Qd7 {[%clk 0:32:57]} 16. Be5+ {[%clk 0:41:14]} Bxe5
{[%clk 0:32:42]} 17. Qxe5+ {[%clk 0:41:42]} Kg8 {[%clk 0:29:48]} 18. Rad1
{[%clk 0:37:30]} Qc7 {[%clk 0:29:50]} 19. Qe6+ {[%clk 0:37:07]} Kg7
{[%clk 0:28:31]} 20. Ne4 {[%clk 0:35:02]} Rf5 {[%clk 0:27:29]} 21. f4
{[%clk 0:28:05]} Nd5 {[%clk 0:19:45]} 22. Bh3 {[%clk 0:13:10]} Qb6+
{[%clk 0:14:13]} 23. Rf2 {[%clk 0:11:14]} Raf8 {[%clk 0:11:23]} 24. Bxf5
{[%clk 0:09:14]} Rxf5 {[%clk 0:11:40]} 25. Rxd5 {[%clk 0:05:35]} cxd5
{[%clk 0:11:14]} 26. Qxe7+ {[%clk 0:05:53]} Kh6 {[%clk 0:09:53]} 27. g4
{[%clk 0:02:58]} dxe4 {[%clk 0:08:53]} 28. gxf5 {[%clk 0:02:50]} 1-0

[Event "Ch_SFO"]
[Site "?"]
[Date "2018.03.16"]
[Round "2.5"]
[White "Bocharov, Ivan"]
[Black "Kuznetsov, Andrei S"]
[Result "1-0"]
[BlackElo "2259"]
[WhiteElo "2530"]
[LiveChessVersion "1.4.8"]

1. e4 {[%clk 1:30:59]} e5 {[%clk 1:25:55]} 2. Nf3 {[%clk 1:31:23]} Nc6
{[%clk 1:26:17]} 3. Bb5 {[%clk 1:31:34]} Nf6 {[%clk 1:26:25]} 4. O-O
{[%clk 1:31:36]} Bc5 {[%clk 1:26:40]} 5. Nxe5 {[%clk 1:29:40]} Nxe4
{[%clk 1:26:08]} 6. Qe2 {[%clk 1:23:26]} Nxe5 {[%clk 1:24:56]} 7. Qxe4
{[%clk 1:23:47]} Qe7 {[%clk 1:25:14]} 8. d4 {[%clk 1:12:25]} Nc6 {[%clk 1:25:42]}
9. Qg4 {[%clk 1:09:21]} f5 {[%clk 1:17:17]} 10. Qxf5 {[%clk 1:03:14]} Nxd4
{[%clk 1:14:52]} 11. Qh5+ {[%clk 1:03:23]} g6 {[%clk 1:13:52]} 12. Qd1
{[%clk 1:03:51]} Nxb5 {[%clk 0:59:24]} 13. Re1 {[%clk 1:02:54]} Bxf2+
{[%clk 0:59:31]} 14. Kxf2 {[%clk 1:03:23]} O-O+ {[%clk 0:59:41]} 15. Kg1
{[%clk 1:03:51]} Qd6 {[%clk 0:54:12]} 16. Bh6 {[%clk 0:53:16]} Qxd1
{[%clk 0:51:04]} 17. Rxd1 {[%clk 0:51:26]} Re8 {[%clk 0:49:22]} 18. a4
{[%clk 0:46:43]} Nd6 {[%clk 0:48:00]} 19. Nc3 {[%clk 0:47:12]} Re5
{[%clk 0:24:39]} 20. Nd5 {[%clk 0:43:06]} Rxd5 {[%clk 0:16:41]} 21. Rxd5
{[%clk 0:43:34]} Nf5 {[%clk 0:15:52]} 22. Bg5 {[%clk 0:39:31]} d6
{[%clk 0:15:29]} 23. Re1 {[%clk 0:37:44]} h5 {[%clk 0:10:10]} 24. Re8+
{[%clk 0:37:28]} Kg7 {[%clk 0:10:26]} 25. Rd1 {[%clk 0:32:16]} b6
{[%clk 0:10:03]} 26. Rd8 {[%clk 0:32:36]} Bb7 {[%clk 0:08:35]} 27. Rd7+
{[%clk 0:33:05]} Kg8 {[%clk 0:08:52]} 28. Rxc7 {[%clk 0:33:10]} Be4
{[%clk 0:09:20]} 29. Re1 {[%clk 0:31:52]} d5 {[%clk 0:09:16]} 30. c4
{[%clk 0:31:41]} Rf8 {[%clk 0:08:26]} 31. Rxa7 {[%clk 0:31:29]} h4
{[%clk 0:07:31]} 32. h3 1-0

[Event "Ch_SFO"]
[Site "?"]
[Date "2018.03.16"]
[Round "2.6"]
[White "Ergeshov, Timur"]
[Black "Belozerov, Andrei"]
[Result "0-1"]
[BlackElo "2526"]
[WhiteElo "2276"]
[LiveChessVersion "1.4.8"]

1. d4 {[%clk 1:25:14]} d5 {[%clk 1:30:53]} 2. c4 {[%clk 1:25:41]} e6
{[%clk 1:31:17]} 3. Nf3 {[%clk 1:26:06]} c6 {[%clk 1:31:09]} 4. e3
{[%clk 1:26:29]} Nf6 {[%clk 1:31:20]} 5. b3 {[%clk 1:26:19]} Nbd7
{[%clk 1:30:52]} 6. Bb2 {[%clk 1:24:05]} b6 {[%clk 1:31:09]} 7. Bd3
{[%clk 1:23:29]} Bb7 {[%clk 1:31:31]} 8. O-O {[%clk 1:23:37]} Be7
{[%clk 1:31:56]} 9. Nc3 {[%clk 1:23:39]} O-O {[%clk 1:32:17]} 10. Qc2
{[%clk 1:23:06]} h6 {[%clk 1:32:39]} 11. Rad1 {[%clk 1:17:11]} Qc7
{[%clk 1:32:49]} 12. Ne5 {[%clk 1:15:57]} Nxe5 {[%clk 1:11:38]} 13. dxe5
{[%clk 1:16:20]} Ng4 {[%clk 1:09:03]} 14. Ne2 {[%clk 0:59:09]} dxc4
{[%clk 1:01:41]} 15. Qxc4 {[%clk 0:33:04]} Nxe5 {[%clk 0:58:47]} 16. Qf4
{[%clk 0:33:09]} Bd6 {[%clk 0:58:08]} 17. Bc2 {[%clk 0:23:48]} f6
{[%clk 0:56:58]} 18. Qg3 {[%clk 0:22:33]} Ba6 {[%clk 0:47:06]} 19. Bxe5
{[%clk 0:19:57]} Bxe5 {[%clk 0:39:01]} 20. Qg6 {[%clk 0:19:58]} f5
{[%clk 0:37:34]} 21. Qxe6+ {[%clk 0:15:07]} Kh8 {[%clk 0:36:24]} 22. Bd3
{[%clk 0:14:53]} Rf6 {[%clk 0:33:43]} 23. Qxf6 {[%clk 0:12:52]} Bxf6
{[%clk 0:33:39]} 24. Bxa6 {[%clk 0:13:19]} b5 {[%clk 0:33:42]} 25. a4
{[%clk 0:13:43]} Qb6 {[%clk 0:33:52]} 26. axb5 cxb5 {[%clk 0:34:15]} 27. Ra1 0-1

[Event "Ch_SFO"]
[Site "?"]
[Date "2018.03.16"]
[Round "2.7"]
[White "Tsydypov, Zhamsaran"]
[Black "Tsybikov, Tumen"]
[Result "1-0"]
[BlackElo "2213"]
[WhiteElo "2523"]
[LiveChessVersion "1.4.8"]

1. e4 {[%clk 1:30:56]} c5 {[%clk 1:30:55]} 2. Nf3 {[%clk 1:31:20]} d6
{[%clk 1:31:20]} 3. d4 {[%clk 1:31:47]} cxd4 {[%clk 1:31:46]} 4. Nxd4
{[%clk 1:32:14]} Nf6 {[%clk 1:32:09]} 5. Nc3 {[%clk 1:32:39]} a6 {[%clk 1:32:35]}
6. Bg5 {[%clk 1:32:48]} Nbd7 {[%clk 1:32:56]} 7. Qe2 {[%clk 1:32:52]} h6
{[%clk 1:32:01]} 8. Bh4 {[%clk 1:33:16]} g6 {[%clk 1:32:24]} 9. O-O-O
{[%clk 1:30:05]} e5 {[%clk 1:26:04]} 10. Nb3 {[%clk 1:25:13]} Be7
{[%clk 1:23:35]} 11. f3 {[%clk 1:23:27]} b5 {[%clk 1:20:18]} 12. Be1
{[%clk 1:22:25]} Bb7 {[%clk 1:15:20]} 13. a3 {[%clk 1:21:56]} h5 {[%clk 1:12:35]}
14. g3 {[%clk 1:16:36]} Qc7 {[%clk 1:09:52]} 15. f4 {[%clk 1:14:53]} Rc8
{[%clk 1:02:22]} 16. Bh3 {[%clk 1:00:16]} O-O {[%clk 0:57:47]} 17. Rf1
{[%clk 0:57:45]} Ng4 {[%clk 0:42:29]} 18. Bxg4 {[%clk 0:53:13]} hxg4
{[%clk 0:42:52]} 19. Qxg4 {[%clk 0:51:05]} Nf6 {[%clk 0:40:55]} 20. Qe2
{[%clk 0:51:26]} exf4 {[%clk 0:34:15]} 21. Rxf4 {[%clk 0:43:54]} Nd7
{[%clk 0:28:40]} 22. Kb1 {[%clk 0:41:01]} Ne5 {[%clk 0:27:56]} 23. Nd5
{[%clk 0:40:31]} Bxd5 {[%clk 0:27:46]} 24. Rxd5 {[%clk 0:39:16]} Rfe8
{[%clk 0:26:09]} 25. Bc3 {[%clk 0:39:01]} Bf8 {[%clk 0:25:10]} 26. Qd1
{[%clk 0:38:48]} Nc4 {[%clk 0:22:39]} 27. Bd4 {[%clk 0:28:43]} Bg7
{[%clk 0:17:05]} 28. c3 {[%clk 0:28:11]} Be5 {[%clk 0:15:57]} 29. Rh4
{[%clk 0:26:52]} Kg7 {[%clk 0:13:55]} 30. Bxe5+ {[%clk 0:25:12]} Rxe5
{[%clk 0:13:05]} 31. Qd4 {[%clk 0:25:10]} Rd8 {[%clk 0:12:03]} 32. Nd2
{[%clk 0:24:32]} Nb6 {[%clk 0:10:42]} 33. Nf3 {[%clk 0:22:45]} Nxd5
{[%clk 0:10:51]} 34. exd5 f6 {[%clk 0:10:48]} 35. Nxe5 {[%clk 0:21:10]} dxe5
{[%clk 0:11:09]} 36. Qe3 {[%clk 0:15:19]} g5 {[%clk 0:11:00]} 37. Re4
{[%clk 0:14:02]} Rxd5 {[%clk 0:07:44]} 38. h4 {[%clk 0:13:56]} Qd7
{[%clk 0:06:00]} 39. hxg5 {[%clk 0:14:13]} Rd1+ {[%clk 0:06:26]} 40. Kc2
{[%clk 0:14:01]} Rf1 {[%clk 0:06:22]} 41. gxf6+ {[%clk 0:14:04]} Kf7
{[%clk 0:06:44]} 42. Qe2 {[%clk 0:14:19]} Qf5 {[%clk 0:06:30]} 43. Kb3
{[%clk 0:13:08]} Qe6+ {[%clk 0:03:58]} 44. c4 {[%clk 0:13:18]} bxc4+
{[%clk 0:04:18]} 45. Rxc4 {[%clk 0:13:11]} Qb6+ {[%clk 0:04:07]} 46. Ka2
{[%clk 0:13:21]} Qxf6 {[%clk 0:03:35]} 47. Rc7+ {[%clk 0:13:04]} Kg6
{[%clk 0:03:49]} 48. Qg4+ {[%clk 0:12:23]} Kh6 {[%clk 0:04:10]} 49. Qh3+
{[%clk 0:12:47]} Kg5 {[%clk 0:03:58]} 50. Qh4+ {[%clk 0:13:12]} Kf5
{[%clk 0:03:52]} 51. Qh5+ {[%clk 0:13:26]} Ke4 {[%clk 0:04:00]} 52. Qe2+
{[%clk 0:13:52]} Kd4 {[%clk 0:04:15]} 53. Rc4+ {[%clk 0:14:12]} Kd5
{[%clk 0:04:39]} 54. Qe4+ {[%clk 0:14:29]} Kd6 {[%clk 0:05:00]} 55. Rc6+
{[%clk 0:14:55]} 1-0

[Event "Ch_SFO"]
[Site "?"]
[Date "2018.03.16"]
[Round "2.8"]
[White "Kyshtymov, Daniil"]
[Black "Sviridov, Valery"]
[Result "0-1"]
[BlackElo "2506"]
[WhiteElo "2217"]
[LiveChessVersion "1.4.8"]

1. e4 {[%clk 1:25:34]} g6 {[%clk 1:30:48]} 2. d4 {[%clk 1:25:56]} Bg7
{[%clk 1:31:10]} 3. Nc3 {[%clk 1:26:14]} d6 {[%clk 1:31:33]} 4. Be3
{[%clk 1:26:02]} a6 {[%clk 1:31:51]} 5. Qd2 {[%clk 1:26:15]} b5 {[%clk 1:32:05]}
6. O-O-O {[%clk 1:26:16]} Bb7 {[%clk 1:32:10]} 7. f3 {[%clk 1:26:23]} Nd7
{[%clk 1:32:31]} 8. h4 {[%clk 1:23:26]} h5 {[%clk 1:32:46]} 9. Nh3
{[%clk 1:23:35]} Rc8 {[%clk 1:33:05]} 10. Ng5 {[%clk 1:21:15]} c5
{[%clk 1:33:24]} 11. dxc5 {[%clk 1:16:55]} Nxc5 {[%clk 1:33:24]} 12. g3
{[%clk 1:11:15]} b4 {[%clk 1:27:09]} 13. Nd5 {[%clk 0:47:54]} b3 {[%clk 1:27:12]}
14. Kb1 {[%clk 0:44:14]} Nxe4 {[%clk 1:26:42]} 15. fxe4 {[%clk 0:31:33]} Rxc2
{[%clk 1:25:09]} 16. Qxc2 {[%clk 0:22:07]} bxc2+ {[%clk 1:25:30]} 17. Kxc2
{[%clk 0:22:27]} Nf6 {[%clk 1:25:10]} 18. Bc4 {[%clk 0:17:38]} Bxd5
{[%clk 1:24:35]} 19. exd5 {[%clk 0:15:24]} Ng4 {[%clk 1:24:15]} 20. Bd4
{[%clk 0:12:08]} Bxd4 {[%clk 1:23:40]} 21. Rxd4 {[%clk 0:12:28]} O-O
{[%clk 1:22:24]} 22. Re1 {[%clk 0:09:24]} Qb6 {[%clk 1:22:23]} 23. Rf4
{[%clk 0:06:20]} Ne5 {[%clk 1:22:18]} 24. Kb1 {[%clk 0:02:55]} Rc8
{[%clk 1:22:33]} 25. Bf1 {[%clk 0:01:49]} Qa5 {[%clk 1:22:40]} 26. Rd1
{[%clk 0:01:49]} Qc5 {[%clk 1:23:04]} 0-1

[Event "Ch_SFO"]
[Site "?"]
[Date "2018.03.16"]
[Round "2.9"]
[White "Khegay, Dmitriy"]
[Black "Kolmagorov, Alexey"]
[Result "1-0"]
[BlackElo "2175"]
[WhiteElo "2485"]
[LiveChessVersion "1.4.8"]

1. e4 {[%clk 1:30:41]} c5 {[%clk 1:30:55]} 2. Nf3 {[%clk 1:31:07]} Nc6
{[%clk 1:31:09]} 3. d4 {[%clk 1:31:32]} cxd4 {[%clk 1:31:34]} 4. Nxd4
{[%clk 1:31:58]} g6 {[%clk 1:31:59]} 5. Nc3 {[%clk 1:32:24]} Bg7 {[%clk 1:32:25]}
6. Be3 {[%clk 1:32:49]} Nf6 {[%clk 1:32:51]} 7. Bc4 {[%clk 1:33:13]} Qa5
{[%clk 1:33:18]} 8. O-O {[%clk 1:23:54]} O-O {[%clk 1:32:55]} 9. Nb3
{[%clk 1:23:12]} Qc7 {[%clk 1:29:53]} 10. f4 {[%clk 1:22:57]} d6 {[%clk 1:27:51]}
11. Be2 {[%clk 1:23:17]} Bd7 {[%clk 1:25:25]} 12. Kh1 {[%clk 1:20:16]} Rac8
{[%clk 1:21:15]} 13. Qd2 {[%clk 1:19:47]} a6 {[%clk 1:14:18]} 14. Rad1
{[%clk 1:18:44]} b5 {[%clk 1:12:08]} 15. Nd5 {[%clk 1:18:16]} Nxd5
{[%clk 1:07:52]} 16. exd5 {[%clk 1:18:35]} Nd8 {[%clk 0:54:31]} 17. c3
{[%clk 1:18:58]} Nb7 {[%clk 0:54:29]} 18. Bd3 {[%clk 1:18:27]} Nc5
{[%clk 0:51:32]} 19. Bb1 {[%clk 1:17:32]} b4 {[%clk 0:41:45]} 20. cxb4
{[%clk 1:13:47]} Nxb3 {[%clk 0:41:38]} 21. axb3 {[%clk 1:14:11]} Qb7
{[%clk 0:41:02]} 22. f5 {[%clk 1:14:23]} a5 {[%clk 0:21:48]} 23. bxa5
{[%clk 1:09:34]} Qxb3 {[%clk 0:21:48]} 24. Bg5 {[%clk 1:09:57]} Rfe8
{[%clk 0:15:40]} 25. Qf2 {[%clk 1:05:52]} f6 {[%clk 0:11:41]} 26. Bc1
{[%clk 1:05:05]} g5 {[%clk 0:09:38]} 27. Qe3 {[%clk 1:01:22]} Qb5
{[%clk 0:08:47]} 28. Qa3 {[%clk 1:01:40]} Ra8 {[%clk 0:05:32]} 29. Bd2
{[%clk 1:00:58]} Rec8 {[%clk 0:02:35]} 30. b4 {[%clk 0:59:00]} Rc7
{[%clk 0:02:10]} 31. Qd3 {[%clk 0:58:46]} Qb7 {[%clk 0:02:11]} 32. Qe4
{[%clk 0:58:39]} Ba4 {[%clk 0:00:54]} 33. Rc1 {[%clk 0:58:57]} Rac8
{[%clk 0:01:05]} 34. Rxc7 {[%clk 0:58:47]} Rxc7 {[%clk 0:01:31]} 35. Bd3
{[%clk 0:58:31]} Bb3 {[%clk 0:01:46]} 36. a6 {[%clk 0:58:50]} Qxd5
{[%clk 0:00:59]} 37. b5 {[%clk 0:56:56]} 1-0

[Event "Ch_SFO"]
[Site "?"]
[Date "2018.03.16"]
[Round "2.10"]
[White "Ibadov, Dashgyn"]
[Black "Khanin, Semen"]
[Result "0-1"]
[BlackElo "2463"]
[WhiteElo "2186"]
[LiveChessVersion "1.4.8"]

1. e4 {[%clk 1:30:53]} c5 {[%clk 1:30:38]} 2. Nf3 {[%clk 1:31:17]} e6
{[%clk 1:31:04]} 3. d4 {[%clk 1:31:40]} cxd4 {[%clk 1:31:29]} 4. Nxd4
{[%clk 1:32:07]} Nc6 {[%clk 1:31:52]} 5. Nc3 {[%clk 1:32:23]} Qc7
{[%clk 1:32:14]} 6. Be3 {[%clk 1:32:35]} a6 {[%clk 1:32:38]} 7. Qf3
{[%clk 1:32:57]} Nf6 {[%clk 1:32:21]} 8. O-O-O {[%clk 1:32:54]} d6
{[%clk 1:32:18]} 9. Qg3 {[%clk 1:25:35]} Bd7 {[%clk 1:32:41]} 10. Nxc6
{[%clk 1:16:17]} Bxc6 {[%clk 1:32:43]} 11. Bd3 {[%clk 1:15:53]} b5
{[%clk 1:31:12]} 12. f3 {[%clk 1:13:18]} b4 {[%clk 1:27:12]} 13. Ne2
{[%clk 1:13:30]} e5 {[%clk 1:27:32]} 14. Kb1 {[%clk 1:09:23]} a5 {[%clk 1:24:00]}
15. Rc1 {[%clk 1:03:39]} Qb7 {[%clk 1:18:31]} 16. Rhd1 {[%clk 1:00:30]} Rb8
{[%clk 1:16:16]} 17. h3 {[%clk 0:40:36]} Be7 {[%clk 1:13:54]} 18. Bc4
{[%clk 0:35:18]} g6 {[%clk 1:06:55]} 19. Bg5 {[%clk 0:31:28]} Qc7
{[%clk 0:52:33]} 20. Qh4 {[%clk 0:25:31]} Qd8 {[%clk 0:52:44]} 21. Rd3
{[%clk 0:22:42]} Nxe4 {[%clk 0:48:45]} 22. Bxe7 {[%clk 0:22:21]} Qxe7
{[%clk 0:49:12]} 23. Qxe7+ {[%clk 0:22:26]} Kxe7 {[%clk 0:49:38]} 24. fxe4
{[%clk 0:22:44]} Bxe4 {[%clk 0:50:03]} 25. Re3 {[%clk 0:15:57]} Bxg2
{[%clk 0:47:29]} 26. Nf4 {[%clk 0:16:19]} Bc6 {[%clk 0:47:00]} 27. Nd5+
{[%clk 0:14:27]} Bxd5 {[%clk 0:46:40]} 28. Bxd5 {[%clk 0:14:55]} Rhc8
{[%clk 0:41:43]} 29. c3 {[%clk 0:09:36]} bxc3 {[%clk 0:40:53]} 30. Rexc3
{[%clk 0:09:52]} Rxc3 {[%clk 0:41:20]} 31. Rxc3 {[%clk 0:10:14]} f5
{[%clk 0:41:30]} 32. a4 {[%clk 0:00:45]} e4 {[%clk 0:41:09]} 33. Rc7+
{[%clk 0:00:44]} Kf6 {[%clk 0:41:34]} 34. Ra7 {[%clk 0:01:05]} e3
{[%clk 0:38:09]} 35. Bf3 {[%clk 0:00:38]} Rb4 {[%clk 0:37:07]} 36. Rxa5
{[%clk 0:00:00]} 0-1